<?xml version="1.0" encoding="UTF-8"?>
<record
    xmlns:xsi="http://www.w3.org/2001/XMLSchema-instance"
    xsi:schemaLocation="http://www.loc.gov/MARC21/slim http://www.loc.gov/standards/marcxml/schema/MARC21slim.xsd"
    xmlns="http://www.loc.gov/MARC21/slim">

  <leader>00566nam a2200169Ia 4500</leader>
  <controlfield tag="008">180921t2017    xxu||||| |||| 00| 0 sin d</controlfield>
  <datafield tag="041" ind1=" " ind2=" ">
    <subfield code="a">sin</subfield>
  </datafield>
  <datafield tag="080" ind1=" " ind2=" ">
    <subfield code="a">8-31</subfield>
    <subfield code="b">&#xD9A;&#xDCA;&#x200D;&#xDBB;&#xDD2;&#xDC3;&#xDCA;&#xDA7;&#xDD2;</subfield>
  </datafield>
  <datafield tag="100" ind1=" " ind2=" ">
    <subfield code="a">&#xD9A;&#xDCA;&#x200D;&#xDBB;&#xDD2;&#xDC3;&#xDCA;&#xDA7;&#xDD2;, &#xD85;&#xD9C;&#xDAD;&#xDCF;</subfield>
  </datafield>
  <datafield tag="245" ind1=" " ind2=" ">
    <subfield code="a">&#xD9A;&#xDC5;&#xDD4; &#xD9A;&#xDDD;&#xDB4;&#xDD2;</subfield>
  </datafield>
  <datafield tag="260" ind1=" " ind2=" ">
    <subfield code="b">&#xD85;&#xDBB;&#xDA7;&#xDD4;&#xDC0; &#xDB4;&#xDCA;&#x200D;&#xDBB;&#xD9A;&#xDCF;&#xDC1;&#xDB1;</subfield>
    <subfield code="a">&#xDB8;&#xDD3;&#xD9C;&#xDB8;&#xDD4;&#xDC0;</subfield>
    <subfield code="c">2017</subfield>
  </datafield>
  <datafield tag="300" ind1=" " ind2=" ">
    <subfield code="a">&#xDC3;&#xDD9;.&#xDB8;&#xDD2;.21, &#xDB4;&#xDD2;.224</subfield>
  </datafield>
  <datafield tag="700" ind1=" " ind2=" ">
    <subfield code="a">&#xDC4;&#xDC3;&#xDCA;&#xDAD;&#xDD2;&#xD9A; &#xDB4;&#xDDC;&#xDBD;&#xDCA;&#xDC0;&#xDAD;&#xDCA;&#xDAD;&#xD9C;&#xDDA;</subfield>
    <subfield code="e">&#xDB4;&#xDBB;&#xDD2;.</subfield>
  </datafield>
  <datafield tag="942" ind1=" " ind2=" ">
    <subfield code="c">BK</subfield>
  </datafield>
  <datafield tag="952" ind1=" " ind2=" ">
    <subfield code="0">0</subfield>
    <subfield code="1">0</subfield>
    <subfield code="4">0</subfield>
    <subfield code="7">0</subfield>
    <subfield code="8">TRAN</subfield>
    <subfield code="a">MAIN</subfield>
    <subfield code="b">MAIN</subfield>
    <subfield code="d">2022-02-10</subfield>
    <subfield code="l">4</subfield>
    <subfield code="o">8-31 &#xD9A;&#xDCA;&#x200D;&#xDBB;&#xDD2;&#xDC3;&#xDCA;&#xDA7;&#xDD2;</subfield>
    <subfield code="p">168593</subfield>
    <subfield code="r">2024-08-21</subfield>
    <subfield code="s">2024-06-24</subfield>
    <subfield code="w">2023-06-01</subfield>
    <subfield code="y">BK</subfield>
  </datafield>
  <datafield tag="999" ind1=" " ind2=" ">
    <subfield code="c">10882</subfield>
    <subfield code="d">10882</subfield>
  </datafield>
  <controlfield tag="003">LK-CoDNM</controlfield>
  <datafield tag="040" ind1=" " ind2=" ">
    <subfield code="a">LK-CoDNM</subfield>
    <subfield code="d">LK-CoDNM</subfield>
    <subfield code="e">LK-CoDNM</subfield>
  </datafield>
</record>
